| 000 | 01094cam a2200265 4500 | ||
|---|---|---|---|
| 001 | WB3740-15 | ||
| 008 | 011024n2001 000 0 eng u | ||
| 035 | _a(Sirsi) u115267 | ||
| 245 | _aIPD launches European fund index | ||
| 260 | _c2001 | ||
| 490 |
_aEstates Gazette _v(0142) 20 October 2001, 51(1) |
||
| 520 | _aThe Investment Property Databank and ABN AMRO have created an index, the "European Real Estate Funds Index" for the £15bn European property fund sector. The index will provide performance measurement for the industry, including limited partnerships, specialist property unit trusts and data on net investment flows. The index will be published quarterly and the first edition will appear in November 2001. | ||
| 590 | _aWB | ||
| 650 | _aIPD | ||
| 650 | _aABN AMRO | ||
| 650 | _aPERFORMANCE MEASUREMENT | ||
| 650 | _aEUROPEAN PROPERTY FUND SECTOR | ||
| 650 | _aREAL ESTATE | ||
| 650 | _aLIMITED PARTNERSHIPS | ||
| 650 | _aRETURNS | ||
| 650 | _aPORTFOLIOS | ||
| 650 | _aINDEXES | ||
| 690 | _aMANAGEMENT-BUSINESS MANAGEMENT-FINANCIAL MANAGEMENT | ||
| 942 | _n0 | ||
| 999 |
_c68650 _d68650 |
||